| 000 | nam a22 7a 4500 | ||
|---|---|---|---|
| 999 |
_c330799 _d330799 |
||
| 003 | NUST | ||
| 005 | 20170807131748.0 | ||
| 008 | 170807b xxu||||| |||| 00| 0 eng d | ||
| 020 | _a9789693509724 | ||
| 040 | _cNUST | ||
| 082 |
_a780.9549143 _bMAL |
||
| 100 |
_aSaeed Malik _93826 |
||
| 245 |
_aLahore its melodic culture/ _cby Saeed Malik |
||
| 260 |
_aLahore: _bSang-e mil publication, _c1999 |
||
| 300 | _a124 p. | ||
| 650 |
_aMusic _93827 |
||
| 942 |
_2ddc _cBK |
||